| 000 | 00574nam a22001932 4500 | ||
|---|---|---|---|
| 001 | 0000011734 | ||
| 005 | 20151217155846.0 | ||
| 008 | 090106s xx 000 0 eng d | ||
| 040 |
_aKABU _cKABU |
||
| 100 | 1 |
_aJonveaux, Par Emile. _@0000167730 |
|
| 245 | 1 | 0 |
_aDeux ans dans L'Afrique orientale / _cPar Emile Jonveaux. |
| 250 | _a1st ed. | ||
| 260 |
_a[?] : _bTours, _c1881. |
||
| 300 | _a207 p. | ||
| 651 | 0 |
_aAfrica, Central _xDescription and travel. _@0000148674 |
|
| 852 | 1 | _9p300 KES | |
| 908 | _a090106 | ||
| 950 | _@1 | ||
| 999 |
_c13363 _d13363 |
||